Museos, patrimonio y turismo cultural (Record no. 261)

MARC details
000 -LEADER
campo de control de longitud fija 00600 a2200133 4500
020 ## - NÚMERO INTERNACIONAL ESTÁNDAR DEL LIBRO
Número Internacional Estándar del Libro 9290123506
082 ## - NÚMERO DE LA CLASIFICACIÓN DECIMAL DEWEY
Número de clasificación 069.074
Número de ítem IC17m
110 ## - ENTRADA PRINCIPAL--NOMBRE DE ENTIDAD CORPORATIVA
Nombre de entidad corporativa o nombre de jurisdicción como elemento de entrada International Council of Museums (ICOM)
9 (RLIN) 1201
245 ## - MENCIÓN DEL TÍTULO
Título Museos, patrimonio y turismo cultural
260 ## - PUBLICACIÓN, DISTRIBUCIÓN, ETC.
Lugar de publicación, distribución, etc. Trujillo, Peru-La Paz, Bolivia
Fecha de publicación, distribución, etc. 2000
300 ## - DESCRIPCIÓN FÍSICA
Extensión 274 p
Otras características físicas col
Dimensiones 24 cm
650 ## - PUNTO DE ACCESO ADICIONAL DE MATERIA--TÉRMINO DE MATERIA
Subdivisión general museos
-- turismo cultural
-- taller
-- taller de Peru
-- taller de Bolivia
Subdivisión geográfica Barbados
-- Bolivia
-- Brasil
-- Costa Rica
-- Chile
-- Ecuador
-- Guatemala
-- Honduras
-- Mexico
-- Paraguay
-- Peru
-- Eslovenia
-- Francia
-- Republica Dominicana
-- Uruguay
-- Venezuela
-- Turquia
9 (RLIN) 1202
710 ## - ENTRADA AGREGADA--NOMBRE DE ENTIDAD CORPORATIVA
Nombre de entidad corporativa o nombre de jurisdicción como elemento de entrada ICOM
9 (RLIN) 1206
Holdings
Estatus retirado Estado de pérdida Fuente del sistema de clasificación o colocación Estado de daño No para préstamo Biblioteca de origen Biblioteca actual Ubicación en estantería Fecha de adquisición Total de préstamos Signatura topográfica completa Código de barras Visto por última vez Precio de reemplazo Tipo de ítem Koha
    Clasificación Decimal Dewey     Biblioteca LadoV Biblioteca LadoV   11/07/2014   069.074 IC17m 000264 11/07/2014 11/07/2014 Material 01